| 000 | 00500nam a2200193Ia 4500 | ||
|---|---|---|---|
| 008 | 170918s9999 xx 000 0 und d | ||
| 020 | _a9780152019662 | ||
| 050 | _bM476 1997 | ||
| 100 | _aMaze, Stephanie | ||
| 245 | 3 | _aAn astronaut / | |
| 245 | _cby Stephanie Maze and Catherine O'Neill Grace. | ||
| 260 | _aOrlando, Florida : | ||
| 260 | _bHarcourt Brace & Companyu, | ||
| 260 | _c1997 | ||
| 300 | _a47 pages : | ||
| 300 | _bcolored illustration ; | ||
| 300 | _c26cm. | ||
| 500 | _a1070 | ||
| 999 |
_c343066 _d343066 |
||